Los cibercrm̕enes un nuevo paradigma de criminalidad /

Detalles Bibliográficos
Autor principal: Posada Maya, Ricardo
Formato: eBook
Lenguaje:español
Publicado: Bogot:̀ Universidad de Los Andes (Colombia), 2017
Materias:
Acceso en línea:Acceso restringido

MARC

LEADER 00000nam a22000007a 4500
005 20190521212520.0
007 cr|||| ||||
008 190521s2017 co |||||s|||| 00||0 spa d
020 |a 978-958-749-815-8 
035 |a 23315 
040 |a vLex 
090 |c 8789  |d 8789 
100 1 |a Posada Maya, Ricardo 
245 1 3 |a Los cibercrm̕enes  |h [Recurso electrn̤ico] :  |b un nuevo paradigma de criminalidad /  |c Ricardo Posada Maya 
256 |a Servicio en ln̕ea 
260 |a Bogot:̀  |b Universidad de Los Andes (Colombia),  |c 2017 
300 |a 1 recurso electrn̤ico 
500 |a Los cibercrm̕enes son los delitos de hoy y del futuro, y quiz ̀la femomenologa̕ criminal ms̀ interesante del "nuevo derecho penal". Su eclosin̤ obedece a la natural interaccin̤ presente en una sociedad postindustrial altamente medit̀ica y comunicativa, que ha visto transformadas todas sus costumbres sociales, econm̤icas, polt̕icas y financieras, etcťera, en los l︢timos treinta aǫs. Sin duda, los seres humanos se han convertido en vc̕timas hipervulnerables de un sistema que depende de los dispositivos informt̀icos, utilizados por masas que todava̕ no comprenden muy bien sus efectos y sus vulnerabilidades. Este nuevo paradigma virtual, no obstante haber facilitado la vida, tambiň ha incrementado los riesgos asociados a los bienes jurd̕icos, en particular a la seguridad de la informacin̤; y la intimidad y autogestin̤ digital. Es ms̀, a partir de finales de los aǫs setenta del siglo XX, el nacimiento de los delitos informt̀icos y los cibercrm̕enes (daǫs informt̀icos, transferencias no consentidas de activos, obstaculizacin̤ de datos e infraestructuras informt̀icas, etcťera), ha demostrado la existencia de una serie de factores dogmt̀icos y polt̕ico-criminales que obligan a repensar e incluso replantear muchas de las nociones y categora̕s dogmt̀icas tradicionales. Esta candencia legal ante la innovacin̤ tecnolg̤ica se ha manifestado en el m̀bito de derecho penal en la creacin̤ de nuevos delitos (los denominados delitos ciber. ciberterrorismo, ciberlavado, ciberespionaje, cibersabotaje, ciberfraude, etcťera) en todas las r̀eas, y en la transformacin̤ de los medios de prueba y de las metodologa̕s procesales. Cambios que requieren profundos estudios para comprender primero de qu ̌se trata este fenm̤eno y luego tratar de plantear estrategias de prevencin̤ para proteger los bienesjurd̕icos ms̀ importantes para la convivencia social, muchos de ellos verdaderos derechos constitucionales fundamentales. En palabras de la Prof. Dra. ZÚÑIGA RODRÍGUEZ, se trata de estudiar el "(...) dilema de la postmodernidad que denunciaron hace dčadas ADORNO y MARCUSE, estre otros: no podemos vivir sin los adelantos de la tecnologa̕. 
506 1 |a Disponible solo en los productos indicados  |d vLex Global  |d vLex Global (Academic Edition, excluding Law Schools)  |d vLex Global (U.S. Academic Edition, Law Schools)  |d vLex Global (U.S. Academic Edition, excluding Law Schools)  |d vLex Global (Academic Edition, Law Schools) 
650 0 4 |a Derecho Penal  |z Colombia 
650 0 4 |a Procedimiento Penal  |z Colombia 
740 0 |a vLex Libros (Servicio en ln̕ea) 
856 4 0 |u http://vlex.com/source/cibercrimenes-un-nuevo-paradigma-de-criminalidad-23315  |z Acceso restringido 
942 |c BOOK 
999 0 |a Criminal Law 
999 0 |a Criminal Procedure